000 01233nas a2200337 4500
001 BR8200422
003 BR-BrBNA
005 20231205085000.0
007 ta
008 230509b bl.|||p| |||| 00| 00por d
040 _aBR-BrBNA
_bpor
_cBiblioteca Nacional de Agricultura
041 _a(Pt)
072 _aH20
100 1 _aRibeiro, M.I.S.D.
100 1 _aAlmeida, D.L. de
100 1 _aRibeiro, R. de L.D.
100 1 _aBrioso, P.S.T.
100 1 _aSalek, R.C.
100 1 _aLeal, N.R.
245 1 _aViabilidade do uso de telado para protecao de culturas de tomateiro sob condicoes de alta incidencia de doencas de virus transmitidos por afideos [Lycopersicum esculentum]
246 1 _aViability of the use nylon screen covers for the protection of tomato crops under conditions favoring the spread of diseases caused by aphid borne viruses [Lycopersicum esculentum]
650 _aDoenca de planta
650 _aTomate
650 _aVirus
650 _aAfidio
650 _aTransmissao de doenca
650 _aControle mecanico
773 0 _tFitopatologia Brasileira (Brazil)
_xISSN 0100-4158
_g(Oct 1981), v. 6(3) p. 483-488
_wBR8200422
909 _a202311
_bLúcia
_c55
_dLúcia Elande
942 _2AGRIS
_n0
_cANA
999 _c108520
_d108520